Sports Quiz

Random Sports Quiz
Score 0/130 Timer 20:00
0 Plays Today
Hint Answer % Correct
Big 12Robert Griffin III (10,366)
100%
Big 12Geno Smith (11,662)
100%
Big 10Drew Brees (11,792)
100%
Conference USARusty Smith (10,112)
100%
SoutheasternEli Manning (10,119)
100%
SoutheasternPeyton Manning (11,201)
100%
Big 12Colt McCoy (13,253)
92.9%
SoutheasternTyler Wilson (7,765)
92.9%
SoutheasternChase Daniel (12,515)
92.9%
SoutheasternJerrod Johnson (8,011)
92.9%
IndependentBrady Quinn (11,762)
92.9%
American Athletic Case Keenum (19,217)
85.7%
Atlantic Coast Chris Weinke (9,839)
85.7%
Atlantic Coast Philip Rivers (13,484)
85.7%
Big 12Landry Jones (16,646)
85.7%
Big 12Graham Harrell (15,793)
85.7%
SoutheasternAaron Murray (13,166)
85.7%
Sun BeltTyler Jones (8,501)
85.7%
Atlantic Coast Doug Flutie (10,759)
78.6%
Mountain WestKellen Moore (14,667)
78.6%
Mountain WestDerek Carr (12,843)
78.6%
Pac-12Jared Goff (12,195)
78.6%
Pac-12Marcus Mariota (10,796)
78.6%
Pac-12Jake Browning (12,296)
78.6%
Sun BeltKolton Browning (10,263)
78.6%
Atlantic Coast Tajh Boyd (11,904)
71.4%
Atlantic Coast Matt Schaub (7,502)
71.4%
Big 10Chad Henne (9,715)
71.4%
Big 10Connor Cook (9,194)
71.4%
Big 10Trace McSorley (9,899)
71.4%
Mountain WestTimmy Chang (17,072)
71.4%
Pac-12Matt Barkley (12,327)
71.4%
Big 12Josh Freeman (8,078)
64.3%
Big 10Clayton Thorson (10,731)
64.3%
Big 10J.T. Barrett (9,434)
64.3%
Pac-12Nick Foles (10,011)
64.3%
Pac-12Luke Falk (14,481)
64.3%
SoutheasternChris Leak (11,213)
64.3%
SoutheasternDak Prescott (9,376)
64.3%
Big 12Mason Rudolph (13,618)
57.1%
Big 12Trevone Boykin (10,727)
57.1%
SoutheasternA.J. McCarron (9,019)
57.1%
IndependentTy Detmer (15,031)
57.1%
Atlantic Coast Joe Hamilton (8,882)
50%
Hint Answer % Correct
Atlantic Coast Eric Dungey (9,340)
50%
Conference USARakeem Cato (14,079)
50%
Mid-AmericanDan Lefevour (12,905)
50%
SoutheasternStan White (8,016)
50%
SoutheasternJared Lorenzen (10,354)
50%
Sun BeltCorey Robinson (13,477)
50%
American Athletic Dan Orlovsky (10,706)
42.9%
American Athletic P.J. Walker (10,668)
42.9%
Big 12Todd Reesing (11,194)
42.9%
Mountain WestDavid Fales (8,382)
42.9%
Sun BeltKilton Anderson (1,753)
42.9%
American Athletic Patrick Ramsey (9,205)
35.7%
Atlantic Coast Brad Kaaya (9,968)
35.7%
Atlantic Coast T.J. Yates (9,377)
35.7%
Big 10Nate Sudfeld (7,879)
35.7%
Big 10Chuck Long (9,671)
35.7%
Big 10Mike Teel (9,383)
35.7%
Conference USATim Rattay (12,746)
35.7%
Conference USANick Mullens (11,994)
35.7%
Mountain WestGarrett Grayson (9,190)
35.7%
Mountain WestRyan Lindley (12,690)
35.7%
Pac-12Sean Mannion (13,600)
35.7%
Pac-12Cade McNown (10,708)
35.7%
American Athletic Matt Grothe (8,669)
28.6%
Atlantic Coast Thaddeus Lewis (10,065)
28.6%
Atlantic Coast Chris Redman (12,541)
28.6%
Atlantic Coast Logan Thomas (9,003)
28.6%
Atlantic Coast Riley Skinner (9,762)
28.6%
Big 10Tommy Armstrong Jr. (8,871)
28.6%
Conference USABrandon Doughty (12,855)
28.6%
Mid-AmericanZac Dysert (12,013)
28.6%
Mid-AmericanLogan Woodside (10,514)
28.6%
SoutheasternKyle Shurmur (8,865)
28.6%
Big 10Nathan Scheelhaase (8,568)
21.4%
Conference USABrent Stockstill (12,483)
21.4%
Conference USAMason Fine (10,710)
21.4%
Mountain WestRandall Cunningham (8,290)
21.4%
IndependentStephen Calvert (4,464)
21.4%
American Athletic Shane Carden (11,991)
14.3%
American Athletic Danny Wimprine (10,215)
14.3%
American Athletic Dane Evans (11,680)
14.3%
Atlantic Coast Alex Van Pelt (10,913)
14.3%
Big 12Bret Meyer (9,499)
14.3%
Big 10Adam Weber (10,917)
14.3%
Hint Answer % Correct
Big 10Darrell Bevell (7,686)
14.3%
Conference USAAlex McGough (9,091)
14.3%
Conference USADavid Washington (3,991)
14.3%
Conference USATrevor Vittatoe (12,493)
14.3%
Mid-AmericanKeith Wenning (11,402)
14.3%
Mid-AmericanWalter Church (9,142)
14.3%
Mid-AmericanSpencer Keith (8,062)
14.3%
Mountain WestStoney Case (9,460)
14.3%
Mountain WestCasey Bramlet (9,684)
14.3%
Pac-12Andrew Walter (10,617)
14.3%
Pac-12Sefo Liufau (9,746)
14.3%
Pac-12Steve Stenstrom (10,701)
14.3%
Pac-12Scott Mitchell (8,981)
14.3%
Sun BeltTaylor Lamb (9,763)
14.3%
Sun BeltRyan Aplin (10,758)
14.3%
IndependentAndrew Ford (6,955)
14.3%
American Athletic Gino Guidugli (11,453)
7.1%
American Athletic Jim Kubiak (6,008)
7.1%
American Athletic Ben Hicks (9,081)
7.1%
American Athletic Ryan Schneider (10,976)
7.1%
Big 10Scott Milanovich (7,301)
7.1%
Conference USAHasaan Klugh (3,242)
7.1%
Conference USAChase Clement (9,785)
7.1%
Conference USADarrell Hackney (9,886)
7.1%
Conference USADalton Sturm (5,775)
7.1%
Mid-AmericanCharlie Frye (11,049)
7.1%
Mid-AmericanBrian McClure (10,280)
7.1%
Mid-AmericanJoe Licata (9,485)
7.1%
Mid-AmericanChandler Harnish (8,944)
7.1%
Mid-AmericanTyler Tettleton (9,129)
7.1%
Mid-AmericanZach Terrell (12,100)
7.1%
Mountain WestShaun Carney (5,391)
7.1%
Mountain WestDavid Neill (10,903)
7.1%
Mountain WestJose Fuentes (9,168)
7.1%
SoutheasternTommy Hodson (9,115)
7.1%
SoutheasternTodd Ellis (9,953)
7.1%
Sun BeltKevin Ellison (2,469)
7.1%
Sun BeltNick Arbuckle (7,651)
7.1%
Sun BeltJake Delhomme (9,216)
7.1%
Sun BeltRoss Metheny (4,770)
7.1%
IndependentZac Dahman (6,904)
7.1%
IndependentChase Holbrook (11,846)
7.1%

You're not logged in!

Compare scores with friends on all Sporcle quizzes.
OR
Log In

Sporcle TV

Today on Sporcle TV


Watch our educational content, quiz creation guides, and fun videos on Sporcle TV.

Show Comments

Extras

Created Oct 9, 2019ReportNominate
Tags:FBS, Leader, Passing, team, yard

Top Quizzes Today


Score Distribution

Paid Content

Your Account Isn't Verified!

In order to create a playlist on Sporcle, you need to verify the email address you used during registration. Go to your Sporcle Settings to finish the process.

Report this User

Report this user for behavior that violates our Community Guidelines.

Details: